000 00337nam a2200133Ia 4500
008 240624s9999 xx 000 0 und d
041 _aeng
082 _a670.42 GAL
100 _aGALSWORTH GWENDOLYN D
245 _aVISUAL SYSTEMS HARNESSING THE POWER OF A
260 _c2007
_aNew York
_bAMACOM
300 _a350 : p.
365 _cRS
_b21
999 _c17517
_d17517